Central Library OPAC University of Rajshahi

Essays on equality, law, and education / (Record no. 32282)

MARC details
000 -LEADER
fixed length control field 01332cam a2200349 a 4500
001 - CONTROL NUMBER
control field 32282
003 - CONTROL NUMBER IDENTIFIER
rucl marc code BD-RjUL
005 - DATE AND TIME OF LATEST TRANSACTION
control field 20211209051819.0
008 - FIXED-LENGTH DATA ELEMENTS--GENERAL INFORMATION
fixed length control field 140424s1984 onc b 001 0 eng d
020 ## - INTERNATIONAL STANDARD BOOK NUMBER
International Standard Book Number 0802056296
035 ## - SYSTEM CONTROL NUMBER
System control number (BD-RjUL)32371
040 ## - CATALOGING SOURCE
Original cataloging agency DLC
Transcribing agency DLC
Modifying agency DLC
-- OCoLC
-- DLC
-- BD-RjUL
Language of cataloging eng
041 ## - LANGUAGE CODE
Language code of text/sound track or separate title eng
082 00 - DEWEY DECIMAL CLASSIFICATION NUMBER
Classification number 192
Edition number 19
Author mark and year MIE 1984
100 1# - MAIN ENTRY--PERSONAL NAME
Personal name Mill, John Stuart,
Dates associated with a name 1806-1873.
9 (RLIN) 98200
245 10 - TITLE STATEMENT
Title Essays on equality, law, and education /
Statement of responsibility, etc. by John Stuart Mill ; editor of the text, John M. Robson ; introduction by Stefan Collini.
260 ## - PUBLICATION, DISTRIBUTION, ETC. (IMPRINT)
Place of publication, distribution, etc. Toronto ;
-- Buffalo :
Name of publisher, distributor, etc. University of Toronto Press ;
Place of publication, distribution, etc. London :
Name of publisher, distributor, etc. Routledge & K. Paul,
Date of publication, distribution, etc. c1984.
300 ## - PHYSICAL DESCRIPTION
Pagination lxxxiii, 502 p. ;
Size 25 cm.
490 #0 - SERIES STATEMENT
Series statement Collected works of John Stuart Mill ;
Volume/sequential designation v. 21
500 ## - GENERAL NOTE
General note Includes texts by Harriet Taylor Mill.
504 ## - BIBLIOGRAPHY, ETC. NOTE
Bibliography, etc "Bibliographic index of persons and works cited, with variants and notes": p. 439-489 and index
650 #0 - SUBJECT ADDED ENTRY--TOPICAL TERM
Topical term or geographic name as entry element Equality.
9 (RLIN) 98201
Topical term or geographic name as entry element Jurisprudence.
9 (RLIN) 98202
Topical term or geographic name as entry element Utilitarianism.
9 (RLIN) 5661
Topical term or geographic name as entry element Education.
9 (RLIN) 98203
700 1# - ADDED ENTRY--PERSONAL NAME
Personal name Mill, Harriet Hardy Taylor,
Dates associated with a name 1807-1858.
Personal name Robson, John M.
830 #1 - SERIES ADDED ENTRY--UNIFORM TITLE
Uniform title Collected works of John Stuart Mill
942 ## - ADDED ENTRY ELEMENTS (KOHA)
Source of classification or shelving scheme Dewey Decimal Classification
Koha item type Books
Holdings
Lost status Source of classification or shelving scheme Damaged status Not for loan Collection code Permanent Location Current Location Shelving location Date acquired Source of acquisition Total Checkouts Full call number Date last seen Copy number Koha item type Cost, normal purchase price
  Dewey Decimal Classification     Non-fiction Central Library, University of Rajshahi Central Library, University of Rajshahi   04/08/2001 R. U. Photocopy   192 MIE 1984 24/04/2014 C-2 Books  
  Dewey Decimal Classification   Not For Loan Non-fiction Central Library, University of Rajshahi Central Library, University of Rajshahi Reading Room 24/09/1989 Zeitlinger   192 MIE 1984 04/12/2016 C-1 Books 49.00